Introduction to private equity : (Record no. 21251)
[ view plain ]
| 000 -LEADER | |
|---|---|
| fixed length control field | 00849cam a22002775a 4500 |
| 001 - CONTROL NUMBER | |
| control field | 10717026 |
| 005 - DATE AND TIME OF LATEST TRANSACTION | |
| control field | 20160225140434.0 |
| 008 - FIXED-LENGTH DATA ELEMENTS--GENERAL INFORMATION | |
| fixed length control field | 130619s2013 enka frb 001 0 eng d |
| 020 ## - INTERNATIONAL STANDARD BOOK NUMBER | |
| Cancelled/invalid ISBN | 9781118571927 |
| 040 ## - CATALOGING SOURCE | |
| Original cataloging agency | CaPaEBR |
| Transcribing agency | CaPaEBR |
| Language of cataloging | eng |
| Modifying agency | EG-ScBUE |
| 082 04 - DEWEY DECIMAL CLASSIFICATION NUMBER | |
| Classification number | 332.6 |
| Edition number | 22 |
| Item number | DEM |
| 100 1# - MAIN ENTRY--PERSONAL NAME | |
| Personal name | Demaria, Cyril. |
| 9 (RLIN) | 39442 |
| 245 10 - TITLE STATEMENT | |
| Title | Introduction to private equity : |
| Remainder of title | venture, growth, LBO & turn-around capital / |
| Statement of responsibility, etc | Cyril Demaria. |
| 250 ## - EDITION STATEMENT | |
| Edition statement | 2nd ed. |
| 260 ## - PUBLICATION, DISTRIBUTION, ETC. (IMPRINT) | |
| Place of publication, distribution, etc | Chichester : |
| Name of publisher, distributor, etc | John Wiley & Sons, |
| Date of publication, distribution, etc | 2013. |
| 300 ## - PHYSICAL DESCRIPTION | |
| Extent | xvi, 392 p. : |
| Other physical details | ill. (some col.) ; |
| Dimensions | 24 cm. |
| 490 1# - Series Statement | |
| Series statement | Wiley Finance. |
| 500 ## - GENERAL NOTE | |
| General note | Index : p. 383-392. |
| 504 ## - BIBLIOGRAPHY, ETC. NOTE | |
| Bibliography, etc | Includes bibliographical references. |
| 650 #7 - SUBJECT ADDED ENTRY--TOPICAL TERM | |
| Topical term or geographic name as entry element | Private equity. |
| Source of heading or term | BUEsh |
| 9 (RLIN) | 4336 |
| 651 ## - SUBJECT ADDED ENTRY--GEOGRAPHIC NAME | |
| Source of heading or term | BUEsh |
| 653 ## - INDEX TERM--UNCONTROLLED | |
| Resource For college | BAEPS, Business Administration |
| Arrived date list | February2016 |
| 710 2# - ADDED ENTRY--CORPORATE NAME | |
| Corporate name or jurisdiction name as entry element | ebrary, Inc. |
| 942 ## - ADDED ENTRY ELEMENTS (KOHA) | |
| Source of classification or shelving scheme | Dewey Decimal Classification |
| Withdrawn status | Item status | Source of classification or shelving scheme | Damaged status | Not for loan | Vendor | Home library | Current library | Shelving location | Date acquired | Source of acquisition | Cost, normal purchase price | Total Checkouts | Full call number | Barcode | Date last seen | Cost, replacement price | Koha item type |
|---|---|---|---|---|---|---|---|---|---|---|---|---|---|---|---|---|---|
| Dewey Decimal Classification | Academic Bookshop | Central Library | Central Library | First floor | 25/02/2016 | Purchase | 416.00 | 332.6 DEM | 000031734 | 15/07/2025 | 520.00 | Book - Borrowing |